It looks like you're offline.
Open Library logo
additional options menu

MARC record from Internet Archive

LEADER: 00956 am a2200277Ma 4500
001 8175341
003 OCoLC
005 20120102180039.0
008 840516s1918 au 000 0 ukr d
019 $a84234139
035 $a(OCoLC)65970680$z(OCoLC)84234139
035 $a(OCoLC)65970680
040 $aUAB$cUAB
043 $ae-hu---
045 $aw6x1
050 4 $aJN 2191$bA1 N94 1918
100 1 $aNovyk, S.
245 10 $aPolı̈tychni partiı̈ Uhorshchyny /$cS. Novyk.
260 $aVidenʹ :$bNakladom "Vistnyka polı̈tyky, lı̈teratury ı̆ z͡hytti͡a",$c1918.
300 $a31 p. ;$c21 cm.
500 $aCover title.
541 $cGift;$aDuplicate from the Andry Zhuk Collection, Library and Archives Canada;$dReceived: 2011/10/06;$eRB294656.$5CaOTUTF
596 $a32
650 0 $aPolitical parties$zHungary$xHistory$y19th century.
651 0 $aHungary$xPolitics and government$y19th century.
926 $aFISHER$bRAREBOOKS$czhuk pam 00108$dBOOK$f1